Famous British Men - Statistics

General Stats
  • This quiz has been taken 47 times
    20 since last reset
  • The average score is 22 of 44
Answer Stats
known for man % Correct
first tudor king Henry VII
100%
six wives Henry VIII
100%
oliver twist author Charles Dickens
87%
scottish james bond Sean Connery
87%
lead britain through ww2 Winston Churchill
87%
husband of Victoria Albert
80%
behind 5th november Guy Fawkes
80%
tnickname the lionheart Richard
80%
supposedly killed the princes in the tower, lost bosworth Richard III
80%
origin of species author, learnt we evolved Charles Darwin
73%
Husband to Elizabeth II for 73 years Prince Philip
73%
romeo and juliet, the tempest William Shakespeare
73%
discovered Penicilin Alexander Fleming
67%
wrote Sherlock novels Arthur Conan Doyle
67%
leader of the band known for Bohemian Rhapsody Freddie Mercury
67%
scottish rebel, braveheart William Wallace
67%
a brief history of time, the theory of everything Stephen Hawking
60%
helped break the Engima code Alan Turing
53%
author of Dracula Bram Stoker
53%
nickname ziggy stardust David Bowie
53%
magna carta John
53%
Henry V, Play actor, knighted in 1947 Laurence Olivier
53%
defeated Napoleon in 1815, a duke Wellington
53%
king of england and scotland during 5 november James I
47%
puritan who ruled after charles I beheading Oliver Cromwell
47%
explorer during tudor times Walter Raleigh
47%
youngest prime minister William Pitt
47%
Stuart king known partying, brought back th crown jewels Charles II
40%
discovered smallpox vaccine Edward Jenner
40%
admiral of The Victory, trafalgar in 1805, napoleonic wars Lord nelson
40%
diary of great fire of london Samuel Pepys
40%
antarctic explorer 1910s Ernest Shackleton
27%
very quoteable author Oscar Wilde
27%
abolishment of the slave trade activist, Friend of above William Wilberforce
27%
uncle of Philip, last viceroy of India Louis mountbatten
20%
guardian of scotland before wallace Robert the Bruce
20%
prime minister when Victoria was crowned Lord Melbourne
13%
cardinal that helped Henry VIII Wolsey
13%
german king who defeated Napoleon George IV
7%
killed wife Cora Crippen in 1910 Hawley Crippen
7%
protestant anti women reverend, scottish John Knox
7%
Prime minister after above, during railway mania Robert Peel
7%
serial killer during 1940s and 50s John christie
0%
Elizabeth I spy leader William cecil
0%
No matching quizzes found
Score Distribution
Percent of People with Each Score
Percentile by Number Answered
Your Score History
You have not taken this quiz since the last reset